|
|
|
|
| LEADER |
00000nab a2200000ua 4500 |
| 001 |
vtls010843006 |
| 003 |
SK-MaSNL |
| 005 |
20260303135903.0 |
| 008 |
230218s1950 xo |||||||||||||||||slo| |
| 035 |
|
|
|a (urnnbn)urn:nbn:sk:snk:ar-a0703j
|
| 035 |
|
|
|a urn:nbn:sk:snk-ab656z
|
| 035 |
|
|
|a (uuid)67ab5ba0-1010-4cdb-81ec-cb9f0b511330
|
| 040 |
|
|
|a SNKBUCL
|b slo
|c SNKBUCL
|e AACR2
|
| 041 |
0 |
|
|a slo
|
| 044 |
|
|
|a xo
|c SK
|
| 100 |
1 |
|
|a Šalát, Ján,
|d 1919-1973
|4 aut
|9 41615
|
| 245 |
1 |
0 |
|a KONTAKTNÉ HORNINY Z OKOLIA HODRUŠE
|c Ján Šalát
|
| 773 |
0 |
|
|t Geologický sborník
|g Roč. 1, č. 1 (1950), s. 14-[77]
|
| 954 |
|
|
|a odborná, vedecká literatúra pôvodná (slovenská)
|2 lita
|
| 958 |
|
|
|a OND
|
| 958 |
|
|
|a EUIPO
|
| 958 |
|
|
|a article5
|
| 999 |
|
|
|c 1968604
|d 1970534
|